Z których państw pochodzą piłkarze z Supa Strikas FC - Statystyki

Ogólne statystyki
  • Ten quiz został rozwiązany 88 razy
  • Średni wynik to 7 z 9
Statystyki odpowiedzi
Piłkarz Narodowość % Poprawnych
El Matador Hiszpania
92%
Klaus Niemcy
87%
Skrętny Tygrys Japonia
84%
Wielki Bo Stany Zjednoczone
83%
Luźny Joe Brazylia
82%
Gibki Rasta Jamajka
72%
Shaker Republika Południowej Afryki
71%
Riso Anglia
66%
North Shaw Australia
53%
Nie znaleziono quizów pasujących do podanych kryteriów
Rozkład punktacji
Procent ludzi z każdym wynikiem
Percentyl według liczby udzielonych odpowiedzi
Twoja historia wyników
Nie rozwiązałeś tego quizu